MDQL
is popping MORE tags! Check the
thread
!
Quizzes
Events
Quiz Creation
Community
Videos
Private Events
Remove Ads
Sign In
Join for FREE
Feedback
Dark Mode
Quiz Categories
Sports
Geography
Music
Movies
Television
Just For Fun
Miscellaneous
History
Literature
Language
Science
Gaming
Entertainment
Religion
Holiday
For Kids
Quiz Lab
Recent
Popular Today
Quiz Kudos Today
Editor Picks
Curator Picks
Quizzes by...
Day
Popularity
Type
Ratings
Length
Year
Community
Subscriptions
Recent Discussions
Orange Saloon
Badges
Playlists
Quests
Create
Leaderboards
Showdown
Live 5
Trivia Bingo
Activity
Puzzle Library
Sporcle Events
Private Events
Virtual Trivia
Globe League
Become a Host
Pub Owners
SporcleCon
Opinionation
Our Games
Videos
Blog
Mobile Apps
Partnerships
Remove Ads and Go Orange
Feedback
Gaming
Video Games
Board Games
Card Games
Pokémon
Mario
Nintendo
Minecraft
Console
Toys
Legend of Zelda
Gaming
Video Games
Board Games
Card Games
Pokémon
Mario
Nintendo
Minecraft
Console
Toys
Legend of Zelda
Random Quiz
Search Sporcle
×
Quiz Lab
Quiz Lab
Gaming
Cover
Type in answers that appear in a list
Type in answers that appear in a list
Classic
Best Score? Go Orange.
Guess the Game Cover ( Shooters - Xbox 360 ) Stats
Can you name the Game Cover ( Shooters - Xbox 360 )?
By
BR3ZNAK
11m
12 Questions
154 Plays
154 Plays
154 Plays
Comments
Comments
Give Quiz Kudos
Give Quiz Kudos
-
- Ratings
hide this ad
Replay
Link that replays current quiz
Next Quiz
Link to next quiz in quiz playlist
You Got
0%
They Got
Avg Score
44%
Avg Friend Score
Upgrade to see
Score Distribution
Jump to the score distribution portion of the page
Score
0/12
Timer
11:00
0
Plays Today
Hint
Game Name
% Correct
Man blinded by a red cloth with a single star on the front
Homefront
67.5%
Man with long hair pointing a double barrel at your face
Red Dead Redemption
64.9%
Little girl ontop of a large scuba looking man or Daddy
Bioshock 2
64.3%
Side view of a man holding a large chainsaw-
machine gun
Gears of War 2
55.2%
Shadowed Man holding two handguns each witha name
Call of Duty: Black Ops
52.6%
Crazy guy without a shirt pointing his hand to his head as if it was a gun.
Borderlands
51.9%
A large green hand missing a thumb
Left 4 dead 2
50.6%
A group of nobles walking over a hill
Halo Reach
38.3%
Man grappling down a Las Vegas hotel in this sequel.
Rainbow Six Vegas 2
34.4%
Two Men, both with masks, standing back to back in Shanghai
Army of Two: the 40th Day
28.6%
Crotch view of a man smoking a cigar and holding a golden gun
Duke Nukem Forever
18.8%
Armored Mask with bright light emerging from inside.
Dead Space 2
11.7%
Quiz Playlist
Details
Report
Send in Message
Add To Playlist
Classic:
Type in answers that appear in a list
Last Updated: Feb 16, 2017
Quiz Scoreboard
CHALLENGE
Sign Up to Join the Scoreboard
Show All
Scores
Hide
Comments
May contain spoilers
Recently Published
Holiday 10x10 Sorting Gallery
by lukepisani3
Holiday
15m
Two Season TV Shows II
by 123Four
Television
10m
Image Sorting: Flags VI
by Barbecue
Geography
2m
More to Explore
Quiz From the Vault
Featured Blog Post
14 Easter Pick-up Lines to Find Eggs With
hide this ad
You Might Also Like...
Tags
360
Cover
Shooter
Xbox
Today's Top Quizzes in Gaming
Browse Gaming
hide this ad
Today's Top Quizzes in Cover
Browse Cover
Top Contributed Quizzes in Gaming
1
League of Legends Pro Players by Career/Team History
2
Genshin Impact Logic Puzzle
3
Destiny 2 exotic weapons by perk icons
4
Genshin Impact Logic Puzzle Quiz
5
Genshin murder mystery
6
4x4 Decades: Video Games
7
Who's on the WWE 2K24 Cover?
8
Ultimate Genshin Impact Logic Puzzle (up to 4.3)
9
Dead By Daylight Logic Puzzle
10
Undertale Logic Puzzle
Explore More
Trending Topics
NBA
Harry Potter
Crossword
Kpop
Marvel
Disney
Anime
Soccer
Song
Country
The Office
Puzzle
Pokémon
NFL
WWE
hide this ad
More By:
BR3ZNAK
Quiz
Plays
Rating
Category
Featured
Created
Guess the Game Cover ( Shooters - Xbox 360 )
154
2.50
Gaming
Jul 15, 2011
Go to Creator's Profile
Score Distribution
Quiz Creator Spotlight
BR3ZNAK
Follow
Send a Message
Quizzes Created
-
Created Quiz Play Count
-
More By This Creator
Popular Quizzes Today
1
Find the US States - No Outlines Minefield
2
Colored Red Africa Blitz
3
Find the 'City' Movie
4
The Countries of the World
5
Find the US States
6
5x2 Blitz: Bands
7
Find the Countries of Europe - No Outlines Minefield
8
US States
More Gaming Quizzes
Undertale AUs
Quiz Lab
Trending Quizzes
Colored Red Europe Blitz I
Colored Red Europe Blitz II
Colored Red Africa Blitz II
Colored Red Europe Blitz III
Colored Red Africa Blitz III
Recently Updated
Odd Team Out - Big 4 Players
pecheneg
Quick Pick: 20 Twenties
pecheneg
March Madness Men's Triple Doubles
pecheneg
How Do You Spell That?
pecheneg
Godzilla Movies
pecheneg
Grab Bag: 4-10 Letters
pecheneg
2024 March Madness Bracket
pecheneg
Famous TV Couples
Peacemaker
Champions League XIs: Real Madrid
pecheneg
Largest US Cities 1790-2010
pecheneg
Trending Topics
Marvel
NBA
Disney
Anime
Crossword
Kpop
Harry Potter
WWE
NFL
Puzzle
Country
Soccer
The Office
Pokémon
Song
Your Account Isn't Verified!
In order to create a playlist on Sporcle, you need to verify the email address you used during registration. Go to your
Sporcle Settings
to finish the process.
Report this User
Report this user for behavior that violates our
Community Guidelines
.
Details:
Send Report
Go to the Sporcle.com Mobile Site →
Comments